Music Quiz

Random Music or Song Quiz

Finish the Song Title II Quiz Stats

Quiz Updated Apr 6, 2016

Challenge
Share
Tweet
Embed
Score 0/40 Timer 06:00
2 Plays Today
Start of title End of Title % Correct
Crazy Little...Thing Called Love
83%
Wake Me Up...Before You Go-Go
81.5%
What's Love...Got To Do With It
80.7%
Hit Me...With Your Best Shot
75%
Sweet....Child o' Mine
71.6%
Rolling...In the Deep
71.4%
How Sweet It Is...(To Be Loved By You)
70.1%
The Boys Are...Back in Town
68.5%
With a Little...Help from My Friends
67%
(Don't Fear)...The Reaper
64.2%
Raindrops...Keep Fallin' on My Head
64.1%
Single Ladies...(Put a Ring On It)
61.4%
Signed, Sealed...Delivered I'm Yours
60.2%
Papa Was...A Rolling Stone
58.3%
This Land...Is Your Land
57.8%
All Along...The Watchtower
57.8%
Where the Streets...Have No Name
57.2%
My Life Would...Suck Without You
56.8%
We're Not...Gonna Take It
54.7%
A Boy...Named Sue
54.6%
Start of title End of Title % Correct
Mo Money...Mo Problems
54.5%
I Left My...Heart in San Francisco
53.6%
Every Little Thing...She Does Is Magic
52.3%
Two Tickets...To Paradise
50.3%
This Is How...We Do It
46.6%
Anarchy...In the U.K.
45.3%
Just the...Way You Are
44%
Everybody Wants...To Rule the World
43.9%
Take This Job...And Shove It
42.6%
Nuthin'...But a 'G' Thang
41.5%
Back in the...Saddle Again
29.2%
Try...A Little Tenderness
28.2%
Don't Do...Me Like That
27.4%
The Night They...Drove Old Dixie Down
20.3%
(What's So Funny 'Bout)...Peace, Love and Understanding
15.8%
The Only Living...Boy in New York
15.6%
Say It Loud...I'm Black and I'm Proud
14.2%
I Never Loved a Man...(The Way I Love You)
13.3%
Don't Let Me...Be Misunderstood
12.5%
Can't Nobody...Hold Me Down
12.2%

You're not logged in!

Compare scores with friends on all Sporcle quizzes.
Sign Up with Email
OR
Log In

You Might Also Like...

Show Comments

Extras

Top Quizzes Today


Score Distribution

Your Account Isn't Verified!

In order to create a playlist on Sporcle, you need to verify the email address you used during registration. Go to your Sporcle Settings to finish the process.